000 00486nam a22001937a 4500
003 MPLRDC
005 20220104123920.0
008 210129b ||||| |||| 00| 0 eng d
020 _a957-9061-99-8
082 _a782.886 DXP-9 c.2
100 _a矢吹晋
245 _a邓小平的九十年
_c
250 _a二刷
260 _a
_b知青频道出版有限公司
_c1994
300 _b
490 _a人物传真. 2
650 _a邓小平传记
942 _cBK
_o782.886 DXP-9 c.2
999 _c15198
_d15188